Statistiques concernant Trouve les paroles - Là-bas - Jean-Jacques Goldman

Cliquez ici pour prendre le quiz!

Statistiques générales

  • Ce quiz a été pris 54 fois
  • Le résultat moyen est 234 sur 294

Statistiques - réponses

Réponse% Correct
100%
La
100%
la
100%
là-bas
100%
Là-bas
100%
est
96%
tout
96%
Tout
96%
94%
ne
94%
ce
91%
Ce
91%
et
91%
Et
91%
je
91%
Je
91%
m'a
91%
ma
91%
sauvage
91%
tu
91%
Tu
91%
à
89%
a
89%
de
89%
le
89%
Le
89%
pas
89%
pour
89%
te
89%
Toi
89%
toi
89%
ça
87%
C'est
87%
que
87%
continent
85%
j'irai
85%
sans
85%
ta
85%
Libre
83%
me
83%
moi
83%
neuf
83%
peut
83%
Si
83%
si
83%
y
83%
Y
83%
Ici
81%
N'y
81%
On
81%
on
81%
Reste
81%
reste
81%
va
81%
d'avance
79%
grillage
79%
joué
79%
ou
79%
veux
79%
changer
77%
choix
77%
des
77%
laissé
77%
les
77%
Mais
77%
rêves
77%
rien
77%
vie
77%
au
74%
bien
74%
faire
74%
n'ai
74%
nos
74%
sont
74%
suis
74%
tempêtes
74%
mes
72%
naufrages
72%
partir
72%
Tant
72%
tant
72%
d'amour
70%
étroits
70%
J'aurai
70%
père
70%
bonheur
68%
dépend
68%
mari
68%
naissance
68%
perds
68%
chance
66%
l'on
66%
sais
66%
foi
64%
mon
64%
sera
64%
âge
62%
as
62%
droits
62%
feu
62%
force
62%
Loin
62%
qu'ici
62%
fragile
60%
parfois
60%
tes
60%
ton
60%
visage
60%
creux
57%
mirages
57%
possible
57%
venir
57%
voix
57%
villages
55%
doigts
53%
fierté
53%
portée
53%
vies
53%
déjà
49%
diables
49%
J'oublierai
49%
beau
47%
Beau
47%
bras
47%
dans
47%
J'ai
47%
m'échappes
47%
du
45%
autres
43%
courage
43%
imagine
43%
leurs
43%
L'or
43%
mérites
43%
serrer
43%
coeur
40%
comme
40%
faut
40%
Faut
40%
imposent
40%
lois
40%
peut-être
40%
perdrai
38%
jour
6%

Distribution des résultats

Percentile par nombre de réponses

% des personnes avec chaque résultat

Votre développement - résultats

Vous n’avez pas pris ce quiz